The 10 laws of learning / (Record no. 35666)

MARC details
000 -LEADER
fixed length control field 00820nam a22002417a 4500
005 - DATE AND TIME OF LATEST TRANSACTION
control field 20100504145855.0
008 - FIXED-LENGTH DATA ELEMENTS--GENERAL INFORMATION
fixed length control field 100309t xxu||||| |||| 00| 0 eng d
010 ## - LCCN (DPL NO)
LC control number ENG-101691
020 ## - INTERNATIONAL STANDARD BOOK NUMBER
International Standard Book Number 9788184000894
Terms of availability 99.00
035 ## - SYSTEM CONTROL NUMBER
System control number EN-85224
037 ## - SOURCE OF ACQUISITION
Source of stock number/acquisition UBH
037 ## - SOURCE OF ACQUISITION
Source of stock number/acquisition DBAD/PUB
040 ## - CATALOGING SOURCE
Original cataloging agency dpl
Language of cataloging English
082 ## - DEWEY DECIMAL CLASSIFICATION NUMBER
Classification number 649.10954
100 ## - MAIN ENTRY--PERSONAL NAME
Personal name Rudolph, Steven
9 (RLIN) 23224
245 ## - TITLE STATEMENT
Title The 10 laws of learning /
Statement of responsibility, etc by Steven Rudolph
260 ## - PUBLICATION, DISTRIBUTION, ETC. (IMPRINT)
Name of publisher, distributor, etc Random House India
Date of publication, distribution, etc 2009
Place of publication, distribution, etc London
270 ## - ADDRESS
Address 20 Vauxhall Bridge Road,
City London
300 ## - PHYSICAL DESCRIPTION
Extent xv, 176p.
Dimensions 21cm(pbk)
942 ## - ADDED ENTRY ELEMENTS (KOHA)
Source of classification or shelving scheme Dewey Decimal Classification
Item type English Books
Call number suffix RUD
Classification part 649.10954
Holdings
Withdrawn status Lost status Source of classification or shelving scheme Damaged status Not for loan Collection code Home library Current library Date acquired Source of acquisition Cost, normal purchase price Total Checkouts Full call number Barcode Date last seen Copy number Cost, replacement price Koha item type
    Dewey Decimal Classification   Not For Loan Non-fiction D.B.Act.Division D.B.Act.Division 09/10/2010 DBAD/PUB 99.00   649.10954 RUD EN-85224 09/10/2010 1 99.00 English Books

© Delhi Public Library
Hit Counter
free hit counter